000 00516nam a22001937a 4500
005 20260415111421.0
008 260415b |||||||| |||| 00| 0 eng d
020 _a978-1-29203-924-4
050 _aRC 88.7 .M57 2014
100 _aMISTOVICH, JOSEPH J.
245 _aPREHOSPITAL EMERGENCY CARE.
250 _a10TH
260 _aEDINBURGH,
_bPEARSON.
_c2014
300 _aIV. 1422 P ILL
500 _aINCLUDES INDEX
650 _aEMERGENCY MEDICAL SERVICES.
700 _aKARREN, KEITH J.
942 _2lcc
_cBK
999 _c216966
_d216966